| 000 | 02222nam0a2200361 4500 | ||
|---|---|---|---|
| 001 | RU\NLR\BIBL_A\011828695 | ||
| 005 | 20181221095716.0 | ||
| 010 |
_a978-5-9905948-6-9 _9250 |
||
| 021 |
_aRU _bКН-П-18-070279 _9КН-П-18-5050 |
||
| 035 | _a(NLR Aleph) 011828695 | ||
| 035 | _a(RuMoRGB)009748490 | ||
| 090 |
_a11999875 _c11999875 |
||
| 100 | _a20181019d2015 k y0rusy50 ca | ||
| 101 | 0 | _arus | |
| 102 | _aRU | ||
| 105 | _a |||zzzz100zy | ||
| 200 | 1 |
_aПроблемы освоения недр в XXI веке глазами молодых _e12-я Международная научная школа молодых ученых и специалистов, 23-27 ноября 2015 г. _fРоссийская академия наук, Отделение наук о Земле, Комиссия РАН по работе с молодежью [и др. _gредакционный совет: В. Н. Захаров (председатель) и др.] |
|
| 210 |
_aМосква _cИПКОН РАН _d2015 |
||
| 215 |
_a391 с. _cил., цв. ил., табл. _d21 |
||
| 320 | _aБиблиогр. в конце ст. | ||
| 606 | 1 |
_aПолезные ископаемые _xДобыча _jСъезды, совещания и т.п _2nlr_sh1 _2nlr_sh2 _3RU\NLR\AUTH\661278993 |
|
| 606 | 1 |
_aЗемные недра _xОсвоение _jСъезды, совещания и т.п _2nlr_sh1 _2nlr_sh2 _3RU\NLR\AUTH\66445400 |
|
| 686 | 1 | _aИ.я431(0) | |
| 686 | 1 | _aД450.8я431(0) | |
| 702 | 1 |
_aЗахаров _bВ. Н. _cд-р техн. наук, геофизика _f1955- _gВалерий Николаевич _3RU\NLR\AUTH\77121270 _4340 |
|
| 711 | 1 | 2 |
_a"Проблемы освоения недр в XXI веке глазами молодых", международная научная школа молодых ученых и специалистов _d12 _f2015 _eМосква _3RU\NLR\AUTH\880484922 |
| 712 | 0 | 2 |
_aРоссийская академия наук _bОтделение наук о Земле _3RU\NLR\AUTH\8810052853 _4570 |
| 942 | _cBOOK | ||
| 980 | _aNBR | ||
| 980 | _aNB | ||